00739cas a22001454i 4500001001000000003001000010005001700020008004100037040004100078041000800119100003100127245028200158300006000440773009300500768714001CO-MdFUSB20180413162351.0180413s2003 cr ||||| |||| 00| 0 spa d aCO-MdFUSBbspacCO-MdFUSBdCO-MdFUSB aspa1 aApablaza F., Eliseoeautor10aAtalayas : bes difícil pero importante ministerio de los profetas. Su llamamiento y comisión. Los peligros que acechan. Su mensaje y los destinatarios de ese mensaje. Un desafío para todos los cristianos, sin distinción, porque ellos son lo atalayas que Dios tiene hoy aVolumen 6. Número 4 (2003), páginas 54-58c: 28 cm.0 tConquista Cristiana049446 gVolumen 6. Número 4 (2003), páginas 54-58q página 54